Statistics for English football nicknames

Click here to take the quiz!

General Stats

  • This quiz has been taken 433 times
  • The average score is 7 of 15

Answer Stats

Hint Answer % Correct
TottenhamSpurs
91%
Sheffield UnitedBlades
70%
West BromBaggies
68%
AFC WimbledonWombles
54%
SwanseaJacks
53%
Man CityCitizens
53%
SouthendShrimpers
50%
ScunthorpeThe Iron
48%
BournemouthCherries
48%
Aston VillaVillans
44%
DagenhamDaggers
43%
NorthamptonCobblers
41%
BradfordBantams
37%
YorkMinstermen
23%
WycombeChairboys
17%

Score Distribution

Percentile by Number Answered

Percent of People with Each Score

Your Score History

You have not taken this quiz